000 00747nam a2200205Ia 4500
999 _c11551
_d11551
082 _aTS.0708
100 _aSharma, Babu Lal
245 0 _aChittor, Udaipur evam Aklingji kshetra me uplabdh brahman dharm ki murtion dwara sanskriti ka adhyayan
260 _c1976
_bVikram University
300 _a252p. + C D - 56
650 _aINDIA - CIVILIZATION///RAJASTHAN - CIVILIZATION
650 _aRAJASTHAN - HISTORY - SOURCES
650 _aIDOLS AND IMAGES - RAJASTHAN - UDAIPUR
650 _aIDOLS AND IMAGES - RAJASTHAN - CHITTOR
650 _aRAJASTHAN - CIVILIZATION
650 _aIDOLS AND IMAGES - RAJASTHAN - AKLINGJI
650 _aINDIA - HISTORY - SOURCES///RAJASTHAN - HISTORY - SOURCES
710 _aLunia, B.N.
942 _cTH
_2ddc